|
|
|
|
| LEADER |
00659nam a22001817a 4500 |
| 082 |
|
|
|b EMS/V P8
|a 100
|
| 100 |
|
|
|a ഇ എം എസ്
|9 217518
|
| 100 |
|
|
|a E M S
|9 217519
|
| 240 |
|
|
|a Vedangalide Nadu
|
| 245 |
|
|
|a വേദങ്ങളുടെ നാട്
|
| 250 |
|
|
|a 1st
|
| 260 |
|
|
|a Trivandrum;
|b Chintha Publications;
|c 2008
|
| 300 |
|
|
|a 52p.
|
| 650 |
|
|
|a മലയാളം; തത്ത്വചിന്ത
|9 217520
|
| 650 |
|
|
|a Malayalam; Philosophy
|9 217521
|
| 942 |
|
|
|c BK
|
| 999 |
|
|
|c 48772
|d 48772
|
| 952 |
|
|
|0 0
|1 0
|4 0
|6 100_000000000000000_EMS_V_P8
|7 0
|8 PHIL
|9 57479
|a MAL
|b MAL
|d 2016-02-29
|e 50882
|g 25.00
|l 0
|o 100 EMS/V P8
|p MAL050882
|r 2016-02-29
|t 1
|w 2016-02-29
|y BK
|